Fortran 77 : για μικροϋπολογιστές (IBM pc και συμβατούς)

Saved in:
Bibliographic Details
Main Author: Κλημόπουλος, Στέργιος
Other Authors: Τσουροπλής, Αθανάσιος Γ.
Format: Book
Language:Greek
Published: Αθήνα : Πελεκάνος, 1992
Edition:5η έκδ.
Subjects:
Tags: Add Tag
No Tags, Be the first to tag this record!

MARC

LEADER 00000nam a2200000 i 4500
001 1/43437
008 970801s1992 gre d
035 |l 10025779 
040 |a GR-MY-UA  |b gre  |e aacr 
041 0 |a gre 
082 0 |a 005.133 
100 1 |a Κλημόπουλος, Στέργιος. 
245 1 0 |a Fortran 77 :  |b για μικροϋπολογιστές (IBM pc και συμβατούς) /  |c Στερ.Κ.Κλημόπουλος; Αθαν.Γ.Τσουροπλής 
250 |a 5η έκδ. 
260 |a Αθήνα :   |b Πελεκάνος,   |c 1992 
300 |a 317 σ. 
500 |a Περιλαμβάνει την πλήρη περιγραφή της FORTRAN 77 που ισχύει για όλα τα συστήματα υπολογιστών. Περιέχει 90 προγράμμτα "τρεγμένα" σε IBM pc και ειδικά κεφάλαια για το χειρισμό αρχειων, τη διαχείριση χαρακτήρων, καθώς και τις βασικότερες αριθμητικές μεθόδους με τα αντίστοιχα προγράμματα 
504 |a Περιέχει βιβλιογραφία και ευρετήριο 
650 0 0 |a FORTRAN 77 (Computer program language) 
700 1 |a Τσουροπλής, Αθανάσιος Γ. 
852 |a INST  |b CHIOS  |e 19970801  |h 005.133 ΚΛΗ  |p 005200010508  |q 005200010508  |t BK  |y 0 
909 |a Χ  |b 048246